S. Chand's textbook of Information technology code 402 class IX / (Record no. 1617455)
[ view plain ]
| 000 -LEADER | |
|---|---|
| fixed length control field | 01000 a2200253 4500 |
| 003 - CONTROL NUMBER IDENTIFIER | |
| control field | NLI |
| 005 - DATE AND TIME OF LATEST TRANSACTION | |
| control field | 20240816114138.0 |
| 008 - FIXED-LENGTH DATA ELEMENTS--GENERAL INFORMATION | |
| fixed length control field | 240607s2023 ii ||||| |||| 00| 0 eng |
| 020 ## - INTERNATIONAL STANDARD BOOK NUMBER | |
| International Standard Book Number | 9789355016904 |
| Terms of availability | Rs 540.00 |
| Qualifying information | pbk |
| 040 ## - CATALOGING SOURCE | |
| Original cataloging agency | NLI |
| Language of cataloging | eng |
| Transcribing agency | English Processing Division |
| 082 ## - DEWEY DECIMAL CLASSIFICATION NUMBER | |
| Edition number | 23rd ed. |
| Classification number | E 004 |
| Item number | T 543 (class IX) |
| 100 ## - MAIN ENTRY--PERSONAL NAME | |
| Personal name | Tiwari, Sharad |
| 9 (RLIN) | 1287584 |
| 245 ## - TITLE STATEMENT | |
| Title | S. Chand's textbook of Information technology code 402 class IX / |
| Statement of responsibility, etc. | Sharad Tiwari, Deepak Bhargava, Darshna Rathore |
| 260 ## - PUBLICATION, DISTRIBUTION, ETC. | |
| Place of publication, distribution, etc. | Noida: |
| Name of publisher, distributor, etc. | S Chand School Books, |
| Date of publication, distribution, etc. | 2023. |
| 300 ## - PHYSICAL DESCRIPTION | |
| Extent | 436 p.; |
| Dimensions | 24 cm. |
| 500 ## - GENERAL NOTE | |
| General note | It includes Part A: Employability skills<br/>Part B: Subject-specific skills<br/>Based on LibreOffice<br/>MS Office<br/>OpenOffice |
| 650 ## - SUBJECT ADDED ENTRY--TOPICAL TERM | |
| Topical term or geographic name entry element | Information technology |
| 9 (RLIN) | 1556428 |
| 650 ## - SUBJECT ADDED ENTRY--TOPICAL TERM | |
| Topical term or geographic name entry element | Computer software |
| General subdivision | Development |
| 9 (RLIN) | 1556429 |
| 700 ## - ADDED ENTRY--PERSONAL NAME | |
| Personal name | Bhargava, Deepak |
| Relator term | jt.auth. |
| 9 (RLIN) | 1534142 |
| 700 ## - ADDED ENTRY--PERSONAL NAME | |
| Personal name | Rathore, Darshna |
| Relator term | jt.auth. |
| 9 (RLIN) | 1534143 |
| 887 ## - NON-MARC INFORMATION FIELD | |
| Content of non-MARC field | Priyanka Banik(Int.) |
| 887 ## - NON-MARC INFORMATION FIELD | |
| Content of non-MARC field | Somnath Panja |
| 942 ## - ADDED ENTRY ELEMENTS (KOHA) | |
| Source of classification or shelving scheme | Dewey Decimal Classification |
| Koha item type | Books |
| Withdrawn status | Lost status | Source of classification or shelving scheme | Materials specified (bound volume or other part) | Damaged status | Not for loan | Collection code | Home library | Current library | Shelving location | Date acquired | Source of acquisition | Cost, normal purchase price | Full call number | Barcode | Date last seen | Price effective from | Koha item type |
|---|---|---|---|---|---|---|---|---|---|---|---|---|---|---|---|---|---|
| Dewey Decimal Classification | pbk | New English | National Library of India | National Library of India | New English - Main Stack Division | 13/03/2024 | DB Act | 540.00 | E 004 T 543( class IX) | DBA000192761ENG | 24/05/2024 | 24/05/2024 | Books |
